000 00478nam a2200121Ia 4500
008 171212s9999 xx 000 0 und d
020 _a9780833050564
100 _aBaiocchi, Dave;Welser IV, William
245 _cBaiocchi, Dave;Welser IV, William
_aConfronting Space Debris
_bStrategies and Warnings from Comparable Examples Including Deepwater Horizon
260 _bRAND Corporation
_c2010
650 _aEnvironmental Science
856 _uwww.jstor.org/stable/10.7249/mg1042darpa
999 _c351883
_d351883